Chroniques de la haine ordinaire

Guardat en:
Dades bibliogràfiques
Autor principal: Desproges, Pierre
Format: Llibre
Idioma:Undetermined
Publicat: Francia Editions du Seuil 1987
Matèries:
Etiquetes: Afegir etiqueta
Sense etiquetes, Sigues el primer a etiquetar aquest registre!

MARC

LEADER 00000nam a2200000Ia 4500
008 170316s9999 xx 000 0 und d
040 |a cru BVZT 
090 |a 840 D-9.1c 
100 |a Desproges, Pierre 
245 |a Chroniques de la haine ordinaire 
260 |a Francia 
260 |b Editions du Seuil 
260 |c 1987 
300 |a 192 páginas 
650 |a LITERATURA FRANCESA 
650 |a CRÓNICAS 
999 |c 7655  |d 7655 
942 |c 15 D  |h 840 D-9.1c  |2 z